000 00879nam a2200265 i 4500
001 bg
245 1 0 _aPodręcznik marketingu /
_cMichael J. Thomas red. nauk. ; przekład Jacek Kardaszewski.
246 _iTyt. oryg.:
_aGover Handbook of Marketing
260 _aWarszawa :
_bWydawnictwo Naukowe PWN,
_c1998.
300 _a664, [1] s. :
_bwykr. ;
_c24 cm.
490 1 _aPrzedsiębiorczość
500 _aOryg. : "Gover Handbook of Marketing" 1995.
650 9 _aMarketing
655 _aPodręczniki
700 1 _aTHOMAS, Michael J.
_eRed.
830 _aPrzedsiębiorczość
020 _a8301124598
040 _cBPK
041 1 _apol
_heng
080 _a339.138(07)
920 _a83-01-12459-8
942 _cKS
008 s pl f |000 0 pol
856 _uhttp://koha.tu.koszalin.pl/cgi-bin/koha/opac-detail.pl?biblionumber=33637
_yKatalog online BPK
999 _c33637
_d33637